[Event "Chigorin Mem"]
[Site "St Petersburg RUS"]
[Date "2000.10.31"]
[Round "1"]
[White "Grigoriev,V"]
[Black "Zakharov,Aleksej"]
[Result "1-0"]
[WhiteElo "2237"]
[BlackElo "2131"]

1.e4 c5 2.Nf3 Nc6 3.Nc3 d6 4.d4 cxd4 5.Nxd4 Nf6 6.Bc4 e6 7.Be3 Be7 8.Qe2 O-O
9.O-O-O Qa5 10.Rhg1 Bd7 11.Bb3 Nxd4 12.Bxd4 Qa6 13.Qxa6 bxa6 14.f3 Rfc8 15.Be3 a5
16.Rd4 Rab8 17.Rgd1 Be8 18.Rc4 Rxc4 19.Bxc4 Rb7 20.Ba6 Rb8 21.a4 Nd7 22.Bxa7 Ra8
23.Nb5 Nc5 24.Bxc5 dxc5 25.Nc7 Ra7 26.Nxe8 Rxa6 27.Nc7 Rd6 28.g3 Kf8 29.Nb5 Rxd1+
30.Kxd1 Ke8 31.Kd2 Kd7 32.Kd3 Kc6 33.Na3 Bd6 34.Nc4 Bc7 35.Ne3 h5 36.f4 h4
37.e5 hxg3 38.hxg3 f6 39.exf6 gxf6 40.Ng4 f5 41.Ne3 Bb8 42.b3 Bd6 43.Kc4 Bc7
44.Ng2 e5 45.Ne3 exf4 46.gxf4 Bxf4 47.Nxf5 Bg5 48.Ng7 Be3 49.Ne6 Kd6 50.Nd8 Kc7
51.Nf7 Kc6 52.Ne5+ Kd6 53.Kd3  1-0

[Event "Chigorin Mem"]
[Site "St Petersburg RUS"]
[Date "2000.10.31"]
[Round "1"]
[White "Sepman,Y"]
[Black "Sivokho,S"]
[Result "0-1"]
[WhiteElo "2291"]
[BlackElo "2469"]

1.e4 c5 2.Nc3 Nc6 3.Nf3 Nf6 4.Bb5 Qc7 5.O-O e5 6.d3 a6 7.Bc4 Be7 8.Ng5 O-O
9.f4 d6 10.Kh1 b5 11.Bb3 Ra7 12.f5 Qd8 13.Nf3 Na5 14.Qe2 Rd7 15.Bg5 Nxb3
16.axb3 Bb7 17.Bxf6 Bxf6 18.Nd5 g6 19.Nd2 Bg5 20.Rf2 f6 21.Raf1 Rg7 22.Qg4 Bc8
23.Qf3 Kh8 24.g3 gxf5 25.exf5 Bxd2 26.Rxd2 Rg5 27.Qe4 Rfg8 28.c4 Bb7 29.Re2 Qa8
30.Qf3 Rg4 31.Kg1 Rf4 32.Qg2 Rd4 33.Re4 Bxd5 34.cxd5 Qxd5 35.Ra1 Rxd3 36.Ree1 Qxg2+
37.Kxg2 Rxb3 38.Re2 Ra8 39.Rd1 Rd8 40.Ra1 Rd7 41.Rxa6 Kg7 42.Kh3 d5 43.Kh4 c4
44.Kh5 b4 45.h4 Rxg3 46.Rb6 d4 47.b3 d3 48.Rd2 c3 49.Rd1 c2 50.Rd2 c1=Q 51.Re6 Rf7
52.Re8 Qb1 53.Rg2 Qd1+  0-1

[Event "Chigorin Mem"]
[Site "St Petersburg RUS"]
[Date "2000.10.31"]
[Round "1"]
[White "Fedorchuk,S"]
[Black "Kuznetsov,Vi2"]
[Result "1-0"]
[WhiteElo "2408"]
[BlackElo "2118"]

1.e4 c5 2.Nf3 Nc6 3.Nc3 d6 4.d4 cxd4 5.Nxd4 Nf6 6.Bg5 e6 7.Qd2 a6 8.O-O-O h6
9.Nxc6 bxc6 10.Bf4 d5 11.Qe3 Be7 12.Be2 O-O 13.Qg3 Kh8 14.Bc7 Qd7 15.Be5 Ne8
16.exd5 cxd5 17.f4 Bb7 18.Bd3 f5 19.Qg6 Bf6 20.g4 Bxe5 21.fxe5 Qf7 22.gxf5 exf5
23.Rhg1 Qxg6 24.Rxg6 Nc7 25.Rdg1 Rf7 26.Ne2 Re8 27.Nf4 Bc8 28.Rd6 Kh7 29.Re1 Rfe7
30.Nxd5 Nxd5 31.Rxd5 g5 32.e6 Bxe6 33.Rde5 Kg6 34.Bxf5+ Kf6 35.Bxe6 Rxe6
36.Rxe6+ Rxe6 37.Rxe6+ Kxe6 38.Kd2  1-0

[Event "34th Olympiad"]
[Site "Istanbul TUR"]
[Date "2000.11.01"]
[Round "5"]
[White "Morovic Fernandez,I"]
[Black "Degraeve,JM"]
[Result "1/2-1/2"]
[WhiteElo "2608"]
[BlackElo "2540"]

1.e4 c5 2.Nc3 Nc6 3.Nge2 e5 4.Nd5 Nce7 5.Ne3 a6 6.Nc3 b5 7.a4 b4 8.Ncd5 Nxd5
9.Nxd5 Ne7 10.Bc4 Bb7 11.Nxe7 Bxe7 12.Qe2 O-O 13.O-O a5 14.d3 Bg5 15.f4 exf4
16.Bxf4 Bxf4 17.Rxf4 d5 18.exd5 Bxd5 19.Qe5 Bxc4 20.Rxc4 Rc8 21.Rxc5 Qb6
22.d4 Rxc5 23.dxc5 Qc6 24.Rd1 Qxa4 25.b3 Qb5 26.Qe7 h6 27.Rd8 Rxd8 28.Qxd8+ Kh7
29.Qd5 Qe2 30.Qf5+ Kg8 31.Qc8+ Kh7 32.Qf5+ Kg8 33.h3 g6 34.Qd5 Qe3+  1/2-1/2

[Event "Chigorin Mem"]
[Site "St Petersburg RUS"]
[Date "2000.11.01"]
[Round "2"]
[White "Purtov,A"]
[Black "Yezersky,V"]
[Result "1-0"]
[WhiteElo "2450"]
[BlackElo "2266"]

1.e4 c5 2.Nc3 Nc6 3.Nge2 e5 4.Nd5 Nce7 5.Nec3 Nxd5 6.Nxd5 Nf6 7.Nxf6+ Qxf6
8.Bc4 Qg6 9.O-O Be7 10.f4 exf4 11.d3 O-O 12.Bxf4 d6 13.e5 dxe5 14.Bxe5 Be6
15.Bxe6 Qxe6 16.Bc3 Bg5 17.Kh1 Qd5 18.Qg4 g6 19.Rae1 Rae8 20.Qa4 Qc6 21.Qxc6 bxc6
22.b3 f5 23.g3 Be3 24.Kg2 Bd4 25.Bd2 Kf7 26.Kf3 Rxe1 27.Rxe1 Rd8 28.Re2 Rd7
29.Bg5 Bc3 30.h3 Bd4 31.Kg2 Bg7 32.Kf1 Bc3 33.Kf2 Bg7 34.Ke1 Bc3+ 35.Kf1 Bd4
36.Re1 Bc3 37.Re2 Bd4 38.Rg2 Bg7 39.Ke2 Bc3 40.Rf2 Bd4 41.Rf4 h6 42.Bxh6 Re7+
43.Kf1 Be3 44.Rh4 g5 45.Ra4 Kg6 46.Bf8 Re8 47.Bd6 Kf6 48.Rc4  1-0

[Event "Chigorin Mem"]
[Site "St Petersburg RUS"]
[Date "2000.11.01"]
[Round "2"]
[White "Bogachkov,I"]
[Black "Vaulin,A"]
[Result "1/2-1/2"]
[WhiteElo "2328"]
[BlackElo "2552"]

1.e4 c5 2.Nc3 Nc6 3.Nf3 g6 4.d4 cxd4 5.Nxd4 Bg7 6.Be3 Nf6 7.Bc4 O-O 8.Bb3 a5
9.f3 d5 10.exd5 Nb4 11.Nde2 a4 12.Nxa4 Nfxd5 13.Bb6 Nxb6 14.Qxd8 Rxd8 15.Nxb6 Ra6
16.Nxc8 Rxc8 17.Nc3 Rxc3 18.bxc3 Bxc3+ 19.Ke2 Bxa1 20.Rxa1 Rd6 21.Rd1 Kf8
22.Rxd6 exd6 23.Kd2 Na6 24.Kc3 Ke7 25.Bd5 b6 26.Bc4 Nc7 27.Kd4  1/2-1/2

[Event "34th Olympiad Women"]
[Site "Istanbul TUR"]
[Date "2000.11.02"]
[Round "6"]
[White "Mkrtchian,L"]
[Black "Khan,A"]
[Result "1-0"]
[WhiteElo "2312"]
[BlackElo "2257"]

1.e4 c5 2.Nf3 Nc6 3.Nc3 e5 4.Bc4 d6 5.d3 Be7 6.Nd2 Bg5 7.h4 Bh6 8.Qh5 g6
9.Qd1 Be6 10.Nf1 Bxc1 11.Qxc1 h5 12.Ne3 Qd7 13.Ned5 Bxd5 14.Nxd5 O-O-O 15.Qg5 Nd4
16.O-O-O Ne6 17.Qe3 Ne7 18.Nf6 Qa4 19.Qh3 Kb8 20.Bxe6 fxe6 21.Qxe6 Nc6 22.c3 b5
23.Kb1 b4 24.Nd5 Rhg8 25.Rd2 Qa5 26.Rc1 Qb5 27.Qf7 Rc8 28.Nf6 Rgd8 29.Qxg6 bxc3
30.Rxc3 Nd4 31.Qxh5 Rc6 32.Nd5 Ra6 33.Qf7 Rc8 34.Nf6 Qa5 35.Nd7+ Ka8 36.Qd5+ Nc6
37.Nf6 Rb8 38.Rdc2 Qd8 39.Ng4 Rb7 40.Qc4 Rab6 41.Ne3 Qxh4 42.b3 Qd8 43.Rb2 Rh7
44.Rc1 Kb8 45.Qe6 Nd4 46.Qd5 Qf8 47.Nc4 Ra6 48.b4 Rb7 49.bxc5 Rxb2+ 50.Nxb2 Rc6
51.f3 Qg7 52.Nc4 Qb7+ 53.Ka1 Qb4 54.Nxd6  1-0

[Event "34th Olympiad"]
[Site "Istanbul TUR"]
[Date "2000.11.02"]
[Round "6"]
[White "Granara Barreto,S"]
[Black "Trygstad,K"]
[Result "0-1"]
[WhiteElo "2095"]
[BlackElo "2248"]

1.e4 c5 2.Nc3 Nc6 3.Nge2 e6 4.g3 Nge7 5.Bg2 a6 6.a4 g6 7.d3 Bg7 8.O-O O-O
9.Be3 Nd4 10.Qd2 d6 11.Rac1 Bd7 12.Bf4 Bc6 13.b3 b5 14.axb5 Nxe2+ 15.Nxe2 axb5
16.Bh6 e5 17.Bxg7 Kxg7 18.Ra1 b4 19.f4 f6 20.g4 Qd7 21.f5 d5 22.Qe3 Qd6 23.Rfd1 Rfd8
24.Rf1 dxe4 25.dxe4 g5 26.Bf3 Bb5 27.Rfc1 Nc6 28.c3 Rxa1 29.Rxa1 Qd3 30.Qxc5 Qxf3
31.Qxb5 Qxe4 32.Qb7+ Kf8 33.Qxh7 Qxe2 34.Qh8+ Ke7 35.Qg7+ Kd6 36.Qxf6+ Kc7
37.Qf7+ Rd7 38.Qc4 Qxc4 39.bxc4 bxc3 40.Kf2 Kb6 41.Rc1 Rd3 42.f6 Nd8 43.Ke2 Rh3
44.Rb1+ Kc6 45.Rb8 Rxh2+ 46.Kd1 Ne6 47.f7 Rf2 48.c5 Kxc5 49.Re8 Kd6 50.Rc8 Rxf7
51.Rxc3 Rf4  0-1

[Event "34th Olympiad"]
[Site "Istanbul TUR"]
[Date "2000.11.02"]
[Round "6"]
[White "Arias,L"]
[Black "Doghri,N"]
[Result "0-1"]
[WhiteElo "2243"]
[BlackElo "2342"]

1.e4 c5 2.Nf3 Nc6 3.Nc3 Nf6 4.d4 cxd4 5.Nxd4 e5 6.Ndb5 d6 7.Bg5 a6 8.Na3 b5
9.Bxf6 gxf6 10.Nd5 Bg7 11.Bd3 Be6 12.c4 O-O 13.O-O Nd4 14.f4 Rc8 15.f5 Bxd5
16.cxd5 Qa5 17.Nb1 Qb4 18.Qd2 Nc2 19.Bxc2 Qxd2 20.Nxd2 Rxc2 21.Nb3 Bh6 22.Rab1 Rfc8
23.Rfe1 a5 24.Nxa5 Bd2 25.Nc6 Bxe1 26.Ne7+ Kf8 27.Nxc8 Bb4 28.a3 Bc5+ 29.Kh1 b4
30.axb4 Bxb4 31.Na7 Re2 32.Nc6 Rxe4 33.g3 Bc5 34.b4 Bb6 35.Ra1 Re2 36.Ra8+ Kg7
37.Rb8 Be3 38.Rb7 Kh6 39.Rxf7 Kg5 40.h3 Kxf5 41.Ne7+ Ke4 42.Rxf6 Bg5 43.Rf7 Bxe7
44.Rxe7 h5 45.b5 Rb2 46.h4 Kxd5 47.Rh7 Ke4 48.Rxh5 d5 49.Rh8 d4 50.h5 d3
51.Rd8 d2  0-1

[Event "Chigorin Mem"]
[Site "St Petersburg RUS"]
[Date "2000.11.02"]
[Round "3"]
[White "Guseinov,K"]
[Black "Korobov,A"]
[Result "1/2-1/2"]
[WhiteElo "2421"]
[BlackElo "2378"]

1.e4 c5 2.Nc3 Nc6 3.Nf3 d6 4.d4 cxd4 5.Nxd4 e6 6.g3 Nf6 7.Bg2 Be7 8.Nxc6 bxc6
9.e5 Nd5 10.exd6 Qxd6 11.Ne4 Qc7 12.c4 Nf6 13.O-O O-O 14.Bg5 Nxe4 15.Bxe7 Qxe7
16.Bxe4 Bb7 17.Qc2 f5 18.Bg2 e5 19.Rfe1 Rae8 20.c5 e4 21.Rad1 Ba6 22.Rd6 Rf6
23.Qa4 Bb5 24.Qd4 Qe5 25.Rd7 Rf7 26.Rd6 Rf6 27.Rd8 Rff8 28.Rd7 Rf7 29.Bf1 Bxf1
30.Kxf1 Rxd7 31.Qxd7 Rf8 32.Qxc6 Qxb2 33.Qd5+ Kh8 34.c6 Qc2 35.Qd7 f4 36.Qd6 Qc4+
37.Kg1 Rc8 38.Qxf4 Qxc6 39.Qxe4 Qb5 40.h4 h6 41.Qg6 Qd5 42.Qa6 Qd7 43.Qa3 Qf7
44.Qb2 Rd8 45.a4 Qf3 46.Kh2 Rf8 47.Re2 a6 48.Rd2 Kg8 49.Qe5 Kh8 50.Qc5 Kh7
51.Qe5 Kh8 52.Qd4 Kh7 53.Qc4 Rf6 54.Qc2+ Kh8 55.Kg1 Rf8 56.Qc4 Qf6 57.Qe4 Qc3
58.Rc2 Qb3 59.Kg2 a5 60.Rd2 Qc3 61.Qd4 Qc6+ 62.Kh2 Qf3 63.Rc2 Qf5 64.Rb2 Qf3
65.Qd2 Qa3 66.Qd4 Qf3 67.Qe5 Qa3 68.Qb5 Rf5 69.Qxf5 Qxb2 70.Qf4 Qc3 71.g4 Kh7
72.Qf5+ Kh8 73.g5 Qc4 74.Qf8+ Kh7 75.Qf5+ Kh8 76.Qf8+  1/2-1/2

[Event "Chigorin Mem"]
[Site "St Petersburg RUS"]
[Date "2000.11.02"]
[Round "3"]
[White "Reutsky,S"]
[Black "Suprun,A"]
[Result "1/2-1/2"]
[WhiteElo "2277"]
[BlackElo "2082"]

1.e4 c5 2.Nf3 Nc6 3.Nc3 g6 4.d4 cxd4 5.Nxd4 Bg7 6.Be3 Nf6 7.Nxc6 bxc6 8.e5 Ng8
9.Bd4 c5 10.Bxc5 Qc7 11.Bd4 Bxe5 12.Bxe5 Qxe5+ 13.Qe2 Qxe2+ 14.Bxe2 Rb8 15.O-O-O Nf6
16.Rd4 Bb7 17.f3 Bc6 18.Re1 O-O 19.g4 e6 20.g5 Ne8 21.h4 d5 22.Bd3 Ng7 23.Nd1 Rbe8
24.f4 f6 25.gxf6 Rxf6 26.Nf2 Ref8 27.Nh3 Bd7 28.Rb4 Nh5 29.Rb7 Bc8 30.Rxa7 Nxf4
31.Nxf4 Rxf4 32.h5 g5 33.Bxh7+ Kh8 34.Bd3 g4 35.Re5 R4f7 36.Rxf7 Rxf7 37.Rg5 Rf4
38.h6 e5 39.Rxe5 Rf8 40.Rxd5 g3 41.h7 Bf5 42.Bb5 g2 43.Rd1 Bxh7 44.Kd2 Rf2+
45.Be2 Bg6 46.Ke3 Rxe2+ 47.Kxe2  1/2-1/2

[Event "Chigorin Mem"]
[Site "St Petersburg RUS"]
[Date "2000.11.02"]
[Round "3"]
[White "Sepman,Y"]
[Black "Akhmadeev,V"]
[Result "1-0"]
[WhiteElo "2291"]
[BlackElo "2427"]

1.e4 c5 2.Nc3 Nc6 3.Nf3 d6 4.d4 cxd4 5.Nxd4 Nf6 6.Be2 e6 7.O-O Be7 8.Kh1 O-O
9.f4 Qc7 10.Bf3 Rd8 11.Be3 Bd7 12.Qe1 Nxd4 13.Bxd4 Bc6 14.Qg3 b5 15.Rae1 Ne8
16.Ne2 d5 17.Be5 Qb6 18.exd5 Bxd5 19.Bxd5 Rxd5 20.Nc3 Rdd8 21.f5 f6 22.Bf4 e5
23.Bc1 Qc6 24.Re2 b4 25.Ne4 Qc4 26.Qg4 Qxa2 27.Re3 Qf7 28.Rh3 Kh8 29.Bd2 Rac8
30.c3 a5 31.Be3 bxc3 32.bxc3 Rc4 33.Rh4 Rc6 34.Rf3 Rd1+ 35.Bg1 Bf8 36.Rxh7+ Kxh7
37.Rh3+ Kg8 38.Qxd1 Nd6 39.Nc5 Nxf5 40.Qd8 Qe7 41.Qd5+  1-0

[Event "Chigorin Mem"]
[Site "St Petersburg RUS"]
[Date "2000.11.02"]
[Round "3"]
[White "Guliev,L"]
[Black "Makarov,M"]
[Result "0-1"]
[WhiteElo "2379"]
[BlackElo "2515"]

1.e4 c5 2.Nf3 Nc6 3.Nc3 d6 4.d4 cxd4 5.Nxd4 Nf6 6.Bg5 e6 7.Qd2 Qb6 8.Nb3 a6
9.O-O-O Qc7 10.f4 Be7 11.Bxf6 gxf6 12.Be2 h5 13.Bf3 h4 14.Kb1 Bd7 15.Qf2 Na5
16.e5 dxe5 17.fxe5 Nxb3 18.cxb3 fxe5 19.Rc1 Bc6 20.Rhe1 f5 21.Bd5 exd5 22.Qxf5 Qd6
23.Rxe5 Bd7 24.Rxe7+ Qxe7 25.Qg6+ Kd8 26.Nxd5 Qh7  0-1

[Event "Chigorin Mem"]
[Site "St Petersburg RUS"]
[Date "2000.11.04"]
[Round "4"]
[White "Farakhov,R"]
[Black "Kochyev,A"]
[Result "1/2-1/2"]
[WhiteElo "2288"]
[BlackElo "2422"]

1.e4 c5 2.Nf3 Nc6 3.Nc3 g6 4.d4 cxd4 5.Nxd4 Bg7 6.Nb3 Nf6 7.Be2 O-O 8.O-O a5
9.a4 Nb4 10.Bg5 d5 11.exd5 Nbxd5 12.Nxd5 Qxd5 13.Qxd5 Nxd5  1/2-1/2

[Event "Chigorin Mem"]
[Site "St Petersburg RUS"]
[Date "2000.11.04"]
[Round "4"]
[White "Korbut,E"]
[Black "Guseinov,K"]
[Result "0-1"]
[WhiteElo "2336"]
[BlackElo "2421"]

1.e4 c5 2.Nf3 Nc6 3.Nc3 g6 4.d4 cxd4 5.Nxd4 Bg7 6.Be3 Nf6 7.Bc4 O-O 8.Bb3 a5
9.f4 d5 10.exd5 Nb4 11.Ndb5 a4 12.Nxa4 Nfxd5 13.Bd4 Bxd4 14.Qxd4 Rxa4 15.Bxa4 Qa5
16.Nc3 Qxa4 17.Qxd5 Qxc2 18.Qd2 Nd3+ 19.Ke2 Nxf4+ 20.Ke1 Nxg2+ 21.Ke2 Nf4+
22.Ke1 Qf5 23.Rd1 Be6 24.b3 Rc8 25.Ne2 Nxe2 26.Qxe2 Rc2 27.Rd2 Rc1+ 28.Rd1 Rc2
29.Rd2 Rc1+ 30.Rd1 Rc3 31.Rf1 Qc5 32.Rd3 Rc1+ 33.Rd1 Rc3 34.Rd3 Rc1+ 35.Rd1 Rc2
36.Rd2 Qc3 37.Qd3 Qxd3 38.Rxd3 Rxa2 39.Rf2 Ra1+ 40.Kd2 h5 41.Kc3 Kg7 42.Rfd2 g5
43.Rd4 Rc1+ 44.Kb2 Rf1 45.Rb4 Rf3 46.Rxb7 g4 47.Rxe7 Rxb3+ 48.Kc2 Re3 49.Rc7 Kg6
50.Rf2 h4 51.Kd2 Ra3 52.Rc3 Ra5 53.Ke3 Kg5 54.Rd2 f5 55.Rcd3 Bc4 56.Rc3 Bd5
57.Kf2 Be4 58.Re3 Kf4 59.Rde2 Ra1 60.Re1 Ra4 61.Rc3 Ra2+ 62.Re2 g3+  0-1

[Event "Chigorin Mem"]
[Site "St Petersburg RUS"]
[Date "2000.11.04"]
[Round "4"]
[White "Timagin,P"]
[Black "Smirnov,Ar"]
[Result "0-1"]
[WhiteElo "2315"]
[BlackElo "2225"]

1.e4 c5 2.Nc3 Nc6 3.Nf3 g6 4.d4 cxd4 5.Nxd4 Bg7 6.Nb3 Nf6 7.Be2 O-O 8.O-O d6
9.Bg5 a6 10.f4 b5 11.Bf3 b4 12.Na4 Bd7 13.e5 dxe5 14.fxe5 Nxe5 15.Bxa8 Qxa8
16.Nac5 Bb5 17.Rf2 Neg4 18.Rf4 Ne3 19.Qf3 Ned5 20.Rh4 Bc6 21.Qf2 h6 22.Bd2 g5
23.Rh3 Ng4 24.Qe2 Ne5 25.Qxa6 Qd8 26.Re1 Qd6 27.Qe2 Ng6 28.Ne4 Qc7 29.Rf3 Ndf4
30.Qf1 Qb8 31.Qc4 Ne5 32.Qxb4 Nxf3+ 33.gxf3 Qa7+ 34.Qc5 Qxc5+ 35.Nbxc5 Bxb2
36.c3 Ba3 37.Be3 Rb8 38.Nb3 Rd8 39.Bd4 f5 40.Ng3 e6 41.Nd2 Bc5 42.Nb3 Bd6
43.Nd2 Ra8 44.Nc4 Bc7 45.Nxf5 exf5 46.Re7 Nd5 47.Rg7+ Kf8 48.Rh7 Rxa2 49.Rxh6 Bb5
50.Nd6 Bxd6 51.Rxd6 Nf4 52.Rf6+ Ke7 53.Rxf5 Nh3+ 54.Kh1 Bf1  0-1

[Event "Chigorin Mem"]
[Site "St Petersburg RUS"]
[Date "2000.11.05"]
[Round "5"]
[White "Stambulian,A"]
[Black "Goloshchapov,A"]
[Result "0-1"]
[WhiteElo "2402"]
[BlackElo "2526"]

1.e4 c5 2.Nf3 Nc6 3.Nc3 Nf6 4.e5 Ng4 5.Qe2 d6 6.exd6 e6 7.Ne4 Bxd6 8.Qc4 Nf6
9.d3 O-O 10.Bg5 Be7 11.Bxf6 Bxf6 12.O-O-O e5 13.Nxc5 Qc7 14.d4 exd4 15.Ne4 Be7
16.Bd3 Be6 17.Qa4 Rac8 18.Kb1 Nb4 19.a3 Nxd3 20.cxd3 b5 21.Qxb5 Qc2+ 22.Ka1 a6  0-1

[Event "Chigorin Mem"]
[Site "St Petersburg RUS"]
[Date "2000.11.05"]
[Round "5"]
[White "Somkin,E"]
[Black "Maslak,A"]
[Result "1-0"]
[WhiteElo "2329"]
[BlackElo "2300"]

1.e4 c5 2.Nf3 Nc6 3.Nc3 d6 4.Bb5 Bd7 5.O-O Nf6 6.Re1 e5 7.Nd5 Nxd5 8.exd5 Ne7
9.Bxd7+ Qxd7 10.c3 Nxd5 11.d4 f6 12.Qb3 Nb6 13.dxc5 dxc5 14.Nxe5 fxe5 15.Rxe5+ Kd8
16.Bg5+ Kc7 17.Rd1 Bd6 18.Bf4 Rae8 19.Rxc5+ Kb8 20.Kf1 Bxf4 21.Rxd7 Nxd7
22.Rb5 Nb6 23.g3 Bd6 24.a4 Re5 25.a5 Rxb5 26.Qxb5 Nc8 27.a6 Nb6 28.axb7 Kxb7
29.Qd3 Kc7 30.Qd4 Rd8 31.c4 Bf8 32.Qe5+ Kc8 33.Qf5+ Kc7 34.Qxh7 Rd7 35.Qe4 Be7
36.Qe5+ Bd6 37.Qa5 Kc6 38.Qb5+  1-0

[Event "Chigorin Mem"]
[Site "St Petersburg RUS"]
[Date "2000.11.05"]
[Round "5"]
[White "Grigoriev,V"]
[Black "Korbut,E"]
[Result "1-0"]
[WhiteElo "2237"]
[BlackElo "2336"]

1.e4 c5 2.Nf3 Nc6 3.Nc3 g6 4.d4 cxd4 5.Nxd4 Bg7 6.Nb3 Nf6 7.Be2 O-O 8.O-O d6
9.Re1 a6 10.Bg5 h6 11.Bh4 b5 12.Bf1 Bb7 13.f4 Nd7 14.Rb1 Re8 15.Bf2 Rc8 16.f5 Nce5
17.fxg6 Nxg6 18.Re3 Nde5 19.Rg3 e6 20.a3 Kh7 21.Qd2 Nc4 22.Bxc4 Rxc4 23.Nd4 Be5
24.Rf3 Rf8 25.b3 Rc7 26.Rf1 Qc8 27.Nde2 f5 28.Bb6 Rg7 29.Rh3 fxe4 30.Rxf8 Qxf8
31.Be3 Rf7 32.Rxh6+ Kg7 33.Qc1 Rf5 34.Rh3 Qf6 35.Qd1 d5 36.Bd4 Bxd4+ 37.Nxd4 Rg5
38.Qd2 Bc8 39.Rg3 Rxg3 40.hxg3 Ne7 41.Nde2 Qe5 42.Qe3 Bd7 43.Qc5 Nc6 44.Qb6 Kf6
45.Qe3 Ke7 46.Qh6 b4 47.axb4 Nxb4 48.Qd2 e3 49.Qd1 Be8 50.g4 Nc6 51.Qd3 d4
52.Qh7+ Kd6 53.Ne4+ Kd5 54.c4+ dxc3 55.N2xc3+ Kd4 56.Ne2+ Kd3 57.N4c3+ Kd2
58.Qb1 Qxc3 59.Nxc3 Kxc3 60.Qc1+ Kd4 61.Qc4+ Ke5 62.Qd3 Kf4 63.Qd6+ e5 64.Qf8+ Kg3
65.Qf3+ Kh4 66.Qh3+ Kg5 67.Qxe3+ Kxg4 68.Qf3+ Kg5 69.Qe3+ Kf6 70.Qh6+ Ke7
71.g4 a5 72.g5 Nd4 73.Qf6+ Kd7 74.g6 Nc6 75.g7 Ne7 76.Qxe7+ Kxe7 77.g8=Q Bf7
78.Qg5+ Kd7 79.Qxe5  1-0

[Event "34th Olympiad"]
[Site "Istanbul TUR"]
[Date "2000.11.07"]
[Round "10"]
[White "Kovacevic,A"]
[Black "Atakisi,U"]
[Result "1-0"]
[WhiteElo "2513"]
[BlackElo "2258"]

1.e4 c5 2.Nf3 Nc6 3.Nc3 Nf6 4.Bb5 e6 5.e5 Nd5 6.O-O a6 7.Bxc6 bxc6 8.Ne4 f5
9.Nd6+ Bxd6 10.exd6 Bb7 11.d3 Qb8 12.c4 Qxd6 13.cxd5 cxd5 14.d4 O-O 15.dxc5 Qxc5
16.Be3 Qe7 17.Bg5 Qb4 18.a3 Qb6 19.Re1 Rae8 20.Be3 Qd8 21.Qb3 Bc6 22.Qb6  1-0

[Event "34th Olympiad Women"]
[Site "Istanbul TUR"]
[Date "2000.11.07"]
[Round "10"]
[White "Bojkovic,N"]
[Black "Lakos,N"]
[Result "1-0"]
[WhiteElo "2420"]
[BlackElo "2327"]

1.e4 c5 2.Nc3 Nc6 3.Bb5 g6 4.Bxc6 bxc6 5.d3 Bg7 6.Nge2 d6 7.Be3 Nf6 8.h3 O-O
9.O-O Qa5 10.Qd2 Rd8 11.f4 Qc7 12.f5 Nd7 13.Rf2 Ne5 14.Raf1 c4 15.d4 Nd7
16.fxg6 fxg6 17.Bh6 Nf6 18.Bxg7 Kxg7 19.Qg5 h6 20.Qg3 Be6 21.Nf4 Bf7 22.Nh5+ Kh7
23.Nxf6+ exf6 24.Rxf6 Rd7 25.Qf3 Be8 26.Rf8 Rb8 27.e5 d5 28.Qf6 Rg7 29.Ne2 Qb6
30.b3 cxb3 31.axb3 c5 32.e6 Bb5 33.Qxg7+  1-0

[Event "ch-POL Semi-Finals"]
[Site "Polanczyk POL"]
[Date "2000.11.07"]
[Round "4"]
[White "Bartel,Mat"]
[Black "Praszak,M"]
[Result "1-0"]
[WhiteElo "2313"]
[BlackElo "2219"]

1.e4 c5 2.Nc3 Nc6 3.Nf3 g6 4.d4 cxd4 5.Nxd4 Bg7 6.Be3 d6 7.Qd2 Nf6 8.f3 O-O
9.Bc4 Bd7 10.O-O-O Rc8 11.Bb3 Ne5 12.Kb1 Nc4 13.Bxc4 Rxc4 14.g4 b5 15.b3 Rc5
16.Ne6 fxe6 17.Bxc5 dxc5 18.e5 Qb6 19.exf6 Bxf6 20.Qxd7 Bxc3 21.Qxe7 Bd4
22.Rhe1 Rf7 23.Qe8+ Rf8 24.Qxe6+ Qxe6 25.Rxe6 Rxf3 26.Ra6 Rf7 27.b4 Rc7 28.bxc5 Bxc5
29.Ra5 b4 30.Rb5 Kg7 31.Rd3 Bg1 32.Rxb4 Bxh2 33.Rd5 Bg1 34.Kb2 Kf6 35.Kb3 Ke6
36.Rd1 Bc5 37.Re4+ Kf6 38.Rd5 Rb7+ 39.Ka4 Be7 40.Rb5 Rd7 41.g5+ Kg7 42.c4 h6
43.gxh6+ Kxh6 44.c5 Rc7 45.c6 Bd6 46.Rc4 g5 47.Rd5 Bf4 48.Kb5 Rc8 49.Rd7 Bc7
50.Ka6  1-0

[Event "Chigorin Mem"]
[Site "St Petersburg RUS"]
[Date "2000.11.08"]
[Round "7"]
[White "Frolov,D"]
[Black "Aseev,K"]
[Result "0-1"]
[WhiteElo "2447"]
[BlackElo "2554"]

1.e4 c5 2.Nf3 Nc6 3.Nc3 d6 4.d4 cxd4 5.Nxd4 Nf6 6.Bc4 e6 7.Be3 a6 8.Qe2 Na5
9.Bd3 b5 10.b4 Nc4 11.Bxc4 bxc4 12.Qxc4 Bb7 13.O-O Rc8 14.Qd3 d5 15.e5 Nd7
16.Bf4 Bxb4 17.Nce2 Be7 18.Rab1 Nc5 19.Qh3 O-O 20.Ng3 Kh8 21.Nh5 Rg8 22.Rfe1 Ba8
23.g4 Ne4 24.f3 Rc3 25.Be3 Bc5 26.fxe4 Bxd4 27.Rbd1 Bxe5 28.Rd3 Rxc2 29.Bf4 Qb6+
30.Kh1 dxe4 31.Rde3 Bd4 32.Qh4 e5 33.Bg5 Qg6 34.Rf1 Bxe3 35.Bxe3 Bd5 36.Ng3 Be6
37.Nf5 Bxf5 38.gxf5 Qg2+  0-1

[Event "Chigorin Mem"]
[Site "St Petersburg RUS"]
[Date "2000.11.08"]
[Round "7"]
[White "Fedorchuk,S"]
[Black "Ivanov,Se"]
[Result "1-0"]
[WhiteElo "2408"]
[BlackElo "2574"]

1.e4 c5 2.Nf3 Nc6 3.Nc3 d6 4.d4 cxd4 5.Nxd4 Nf6 6.Bg5 e6 7.Qd2 Be7 8.O-O-O O-O
9.f4 h6 10.h4 Nxd4 11.Qxd4 hxg5 12.hxg5 Ng4 13.e5 dxe5 14.Qe4 f5 15.gxf6 Nxf6
16.Qxe5 Qb6 17.Bc4 Qc6 18.Bb3 a5 19.a4 Ra6 20.g4 Nxg4 21.Qh5 Nf6 22.Qg6 Qe8
23.Qg2 Bc5 24.f5 Rf7 25.Qh3 Kf8 26.Rhe1 Re7 27.Ne4 Nxe4 28.Rxe4 Rd7 29.Qh8+ Ke7
30.Qh4+ Kf8 31.Qh8+ Ke7 32.Qh4+ Kf8 33.Rde1 Rdd6 34.fxe6 Bxe6 35.Bxe6 Rxe6
36.Qh8+ Kf7 37.Qxe8+ Rxe8 38.Rxe8 g5 39.R8e5 Bd6 40.Rf1+ Kg6 41.Re6+ Kh5
42.Kd1 g4 43.Rff6 g3 44.Ke2 g2 45.Kf2  1-0

[Event "34th Olympiad"]
[Site "Istanbul TUR"]
[Date "2000.11.09"]
[Round "12"]
[White "Zeidler,S"]
[Black "Solomon,K"]
[Result "1/2-1/2"]
[WhiteElo "2255"]
[BlackElo "2267"]

1.e4 c5 2.Nc3 Nc6 3.Bb5 e6 4.Bxc6 bxc6 5.f4 d5 6.d3 dxe4 7.Nxe4 Nf6 8.Nxf6+ Qxf6
9.Qf3 Bb7 10.Ne2 c4 11.dxc4 Bc5 12.Qc3 Qg6 13.Ng3 O-O-O 14.Bd2 Bd4 15.Qb3 Bf2+
16.Ke2 Bxg3 17.Qxg3 Qxc2 18.Qc3 Qe4+ 19.Kf2 c5 20.Rhg1 Rd3 21.Rae1 Rxc3 22.Rxe4 Rc2
23.Re2 Rxc4 24.b3 Rc2 25.Be3 Rc3 26.Bd2 Rc2 27.Be3 Rc3 28.Bd2 Rd3 29.Rc1 Rd5
30.Be3 Kd7 31.Rxc5 Rxc5 32.Bxc5 a6 33.Bd4 f6 34.Rc2 Rc8 35.Rxc8 Bxc8 36.g4 Kd6
37.Bc3 Kd5 38.Ke3 e5 39.g5 Bf5 40.gxf6 gxf6 41.Bb2 Bb1 42.a3 Bc2 43.b4 Ba4
44.Ba1 Bd7 45.Bc3 Kc4 46.Be1 exf4+ 47.Kxf4 Kb3 48.Bh4 Kxa3 49.Bxf6 Kxb4 50.Ke3 a5
51.Kd2 Kb3 52.Kc1 Bf5 53.Bg7 h5 54.Bf6 a4 55.Bg7 h4 56.Bf6 h3 57.Bg7 a3 58.Bf8 a2
59.Bg7  1/2-1/2

[Event "34th Olympiad"]
[Site "Istanbul TUR"]
[Date "2000.11.09"]
[Round "12"]
[White "Ostos,J"]
[Black "Mallahi,A"]
[Result "1-0"]
[WhiteElo "2344"]
[BlackElo "2389"]

1.e4 c5 2.Nf3 Nc6 3.Nc3 Nf6 4.Bb5 Nd4 5.e5 Nxb5 6.Nxb5 Nd5 7.c4 Nc7 8.Nxc7+ Qxc7
9.d4 d6 10.O-O cxd4 11.Qxd4 dxe5 12.Nxe5 f6 13.Nd3 e5 14.Re1 Be7 15.Qd5 Bf5
16.Nxe5 fxe5 17.Qxe5 Qxe5 18.Rxe5 O-O-O 19.Be3 Bf6 20.Rxf5 Bxb2 21.Rb1 Rd7
22.g3 Bf6 23.Bxa7 Re8 24.Be3 Re4 25.Rb4 Rc7 26.Rf4 Re6 27.Bb6 Rd7 28.c5 Re1+
29.Kg2 Rdd1 30.Ra4 Rg1+ 31.Kf3 Kd7 32.Ra7 Kc6 33.Ra8 Rd3+ 34.Ke2 Rd7 35.a4 Kd5
36.Re8 Ra1 37.Rf5+ Kc4 38.Re4+ Rd4 39.Rxd4+ Bxd4 40.Rf4 Ra2+ 41.Kf1 Rd2 42.a5 Kc3
43.a6 Rd1+ 44.Ke2 Rd2+ 45.Ke1 Rb2 46.axb7 Be5 47.Re4  1-0

[Event "34th Olympiad"]
[Site "Istanbul TUR"]
[Date "2000.11.09"]
[Round "12"]
[White "Al Modiahki,M"]
[Black "Nilssen,J"]
[Result "1/2-1/2"]
[WhiteElo "2499"]
[BlackElo "2354"]

1.e4 c5 2.Nf3 Nc6 3.Nc3 g6 4.Bb5 Bg7 5.O-O Nd4 6.Bc4 d6 7.Nxd4 cxd4 8.Qf3 Nh6
9.Ne2 O-O 10.h3 Kh8 11.d3 Ng8 12.Qg3 e6 13.Bg5 f6 14.Bd2 e5 15.c3 dxc3 16.Bxc3 Qe7
17.d4 Be6 18.Bd3 Rfc8 19.d5 Bd7 20.f4 Nh6 21.Rf2 a5 22.Raf1 b5 23.a3 Kg8
24.Bd2 Nf7 25.f5 g5 26.h4 Bh6 27.Qg4 Kh8 28.h5 Be8 29.Ng3  1/2-1/2

[Event "Chigorin Mem"]
[Site "St Petersburg RUS"]
[Date "2000.11.09"]
[Round "8"]
[White "Suprun,A"]
[Black "Smirnov,Ar"]
[Result "1-0"]
[WhiteElo "2082"]
[BlackElo "2225"]

1.e4 c5 2.Nf3 Nc6 3.Nc3 d6 4.d4 cxd4 5.Nxd4 Nf6 6.Be2 g6 7.Be3 Bg7 8.Qd2 O-O
9.O-O-O Bd7 10.h4 Ne5 11.h5 Nfg4 12.hxg6 fxg6 13.f4 Nxe3 14.Qxe3 Ng4 15.Bc4+ Kh8
16.Qh3 h5 17.Ne6 Bxe6 18.Bxe6 Nf2 19.Qg3 Nxh1 20.Rxh1 Qe8 21.Nd5 Bh6 22.Kb1 Kh7
23.Qh4 Rc8 24.Bxc8 Qxc8 25.Qxe7+ Bg7 26.f5 Qe8 27.Nf6+  1-0

[Event "Chigorin Mem"]
[Site "St Petersburg RUS"]
[Date "2000.11.09"]
[Round "8"]
[White "Kashtanov,R"]
[Black "Vokarev,S"]
[Result "0-1"]
[WhiteElo "2367"]
[BlackElo "2469"]

1.e4 c5 2.Nc3 Nc6 3.Nge2 g6 4.d4 cxd4 5.Nxd4 Bg7 6.Nb3 Nf6 7.Be2 d6 8.O-O O-O
9.Re1 Bd7 10.Bf1 Rc8 11.Nd5 Nxd5 12.exd5 Ne5 13.a4 f5 14.f4 Ng4 15.a5 e5
16.dxe6 Qh4 17.h3 Qf2+ 18.Kh1 Bc6 19.Re2 Qg3 20.hxg4 Qh4+ 21.Kg1 fxg4 22.g3 Qh1+
23.Kf2 Qh2+ 24.Ke1 Qxg3+ 25.Rf2 Rfe8 26.Nd4 Bf3 27.Nxf3 Rxe6+ 28.Ne5 dxe5
29.Qd5 Re8 30.Bc4 Kh8 31.Qg2 R6e7 32.Qxg3 exf4+ 33.Qe3 fxe3 34.Rg2 h5 35.Ke2 Bf6
36.Ra3 Bh4 37.Bb5 Rc8 38.Bd3 Kg7 39.Bxe3 Bg5 40.Rg3 Bf4  0-1